000 01252nam a22002777a 4500
999 _c63832
_d63832
005 20240530110701.0
008 171225s2015 ua a g b 000 0dara d
017 _a2014/19883
_bمصر. دار الكتب
020 _a9789777188708
040 _aEG-CaGPL
_cEG-CaGPL
082 0 4 _221
_a745.5928\
_bك ف
100 1 _aكريموف ، كريم
245 1 0 _aفن المنمنمات الاذربيجانية ومدرسة تبريز فى عصر النهضة /
_cتأليف كريم كريموف ، تاقييفا رويال سيف الدين ؛ ترجمة عبدالرحمن عبدالرحمن الخميسى .
250 _aط.1
260 _aالقاهرة :
_bالمركز القومى للترجمة ،
_c2015 .
300 _a305 ص. ؛
_c24 سم.
490 _aالمركز القومى للترجمة ؛
_v2391
650 0 7 _2qrmak
_aالفنون التشكيلية
650 0 7 _2qrmak
_aالزخارف الاسلامية
650 0 7 _2qrmak
_aالسجاجيد الايرانية
651 _2qrmak
700 0 _aتاقييفا رويال سيف الدين
_eمؤلف مشارك
700 0 _aعبدالرحمن عبدالرحمن الخميسى
_eمترجم
942 _2ddc
_cBK